Theology of the icon / 1

Saved in:  
Bibliographic Details
Main Author: Ouspensky, Léonide 1902-1987 (Author)
Format: Print Book
Language:English
Subito Delivery Service: Order now.
Check availability: HBZ Gateway
WorldCat: WorldCat
Interlibrary Loan:Interlibrary Loan for the Fachinformationsdienste (Specialized Information Services in Germany)
Published: Crestwood, NY St. Vladimir's Seminary Pr. 1992
In: Theology of the icon
Year: 1992
Edition:[Rev. ed.].

MARC

LEADER 00000cam a2200000 cc4500
001 1104231026
003 DE-627
005 20251224221148.0
007 tu
008 930713s1992 xx ||||| 00| ||eng c
020 |a 0881411221  |9 0-88141-122-1 
035 |a (DE-627)1104231026 
035 |a (DE-576)034231021 
035 |a (DE-599)BSZ034231021 
035 |a (OCoLC)25628373 
040 |a DE-627  |b ger  |c DE-627  |e rakwb 
041 |a eng 
082 0 |a 246/.53 
084 |a 9,10  |a 1  |2 ssgn 
100 1 |0 (DE-588)122772105  |0 (DE-627)082146314  |0 (DE-576)165457937  |4 aut  |a Ouspensky, Léonide  |d 1902-1987 
109 |a Ouspenski, Leonid Aleksandrovitch 1902-1987  |a Uspenskij, L. A. 1902-1987  |a Uspenskii, L. A. 1902-1987  |a Uspenskēs, Leōnidas 1902-1987  |a Ouspensky, Léonid 1902-1987  |a Uspenskij, Leonid 1902-1987  |a Uspenskij, Leonid A. 1902-1987  |a Ouspensky, Léonide Alexandrovitch 1902-1987  |a Uspenski, Leonid 1902-1987  |a Ouspensky, Léonide 1902-1987  |a Ouspensky, Leonide 1902-1987  |a Ouspensky, Léonide A. 1902-1987  |a Ouspenskii, Léonide 1902-1987  |a Ouspensky, Leonid 1902-1987  |a Uspenskij, Leonid Aleksandrovič 1902-1987  |a Uspensky, Leonidas 1902-1987 
245 1 0 |a Theology of the icon  |n 1  |c by Leonid Ouspensky 
250 |a [Rev. ed.]. 
264 1 |a Crestwood, NY  |b St. Vladimir's Seminary Pr.  |c 1992 
300 |a 194 S.  |b Ill. 
336 |a Text  |b txt  |2 rdacontent 
337 |a ohne Hilfsmittel zu benutzen  |b n  |2 rdamedia 
338 |a Band  |b nc  |2 rdacarrier 
500 |a Einheitssacht.: Essai sur la théologie de l'icône dans l'Eglise Orthodoxe <engl.> 
583 1 |a Archivierung/Langzeitarchivierung gewährleistet  |f SSG  |x XA-DE-BW  |2 pdager  |5 DE-21 
583 1 |a Archivierung/Langzeitarchivierung gewährleistet  |f SSG  |x XA-DE-BW  |2 pdager  |5 DE-16 
601 |a Theologe 
773 1 8 |a Theology of the icon  |w (DE-627)1104230917  |w (DE-576)034230912  |g 1  |q 1  |7 nnam 
935 |a mteo 
951 |a MV 
ELC |b 1 
ITA |a 1  |t 1 
LOK |0 000 xxxxxcx a22 zn 4500 
LOK |0 001 221067073X 
LOK |0 003 DE-627 
LOK |0 004 1104231026 
LOK |0 005 19930713000000 
LOK |0 008 930713||||||||||||||||ger||||||| 
LOK |0 040   |a DE-21  |c DE-627  |d DE-21 
LOK |0 852   |a DE-21 
LOK |0 852 1  |c 33 A 7376-1  |9 00 
LOK |0 935   |a theo 
LOK |0 939   |a 13-07-93  |b l01 
LOK |0 000 xxxxxcx a22 zn 4500 
LOK |0 001 2210670756 
LOK |0 003 DE-627 
LOK |0 004 1104231026 
LOK |0 005 20100408153756 
LOK |0 008 970103||||||||||||||||ger||||||| 
LOK |0 040   |a DE-21-35  |c DE-627  |d DE-21-35 
LOK |0 541   |e 12922/93 (ÖkI) 
LOK |0 852   |a DE-21-35 
LOK |0 852 1  |c Kk 58.18-1A  |m p  |9 00 
LOK |0 938   |k p 
LOK |0 939   |a 03-01-97  |b l01 
ORI |a SA-MARC-ixtheoa001.raw